Números enteros (Record no. 12541)

MARC details
000 -LEADER
campo de control de longitud fija 01074nam a2200385 a 4500
003 - IDENTIFICADOR DE NÚMERO DE CONTROL
campo de control AR-BaBNM
005 - FECHA Y HORA DE LA ÚLTIMA TRANSACCIÓN
campo de control 20251128205722.0
008 - DATOS DE LONGITUD FIJA--INFORMACIÓN GENERAL
campo de control de longitud fija 082120s2002 ||||||||||||||000 | spa||
020 ## - NÚMERO INTERNACIONAL ESTÁNDAR DEL LIBRO
Número Internacional Estándar del Libro 84-7738-084-8
040 ## - FUENTE DE CATALOGACIÓN
Centro/agencia transcriptor AR-BaBNM
245 00 - MENCIÓN DEL TÍTULO
Título Números enteros
250 ## - MENCION DE EDICION
Mención de edición 1ª ed.
260 ## - PUBLICACIÓN, DISTRIBUCIÓN, ETC.
Lugar de publicación, distribución, etc. Madrid
Nombre del editor, distribuidor, etc. Síntesis
Fecha de publicación, distribución, etc. 1990
300 ## - DESCRIPCIÓN FÍSICA
Extensión 207 p.
Otros detalles físicos il.
490 #0 - MENCIÓN DE SERIE
Mención de serie Matemáticas: cultura y aprendizaje
Designación de volumen o secuencia v. 6
504 ## - NOTA DE BIBLIOGRAFÍA, ETC.
Nota de bibliografía, etc. Nota Bibliografía al final de cada capítulo
650 #4 - PUNTO DE ACCESO ADICIONAL DE MATERIA--TÉRMINO DE MATERIA
Término de materia o nombre geográfico como elemento de entrada MATEMATICA
650 #4 - PUNTO DE ACCESO ADICIONAL DE MATERIA--TÉRMINO DE MATERIA
Término de materia o nombre geográfico como elemento de entrada ENSEÑANZA DE LAS MATEMATICAS
650 #4 - PUNTO DE ACCESO ADICIONAL DE MATERIA--TÉRMINO DE MATERIA
Término de materia o nombre geográfico como elemento de entrada CALCULO
650 #4 - PUNTO DE ACCESO ADICIONAL DE MATERIA--TÉRMINO DE MATERIA
Término de materia o nombre geográfico como elemento de entrada HISTORIA
650 #4 - PUNTO DE ACCESO ADICIONAL DE MATERIA--TÉRMINO DE MATERIA
Término de materia o nombre geográfico como elemento de entrada RENACIMIENTO
650 #4 - PUNTO DE ACCESO ADICIONAL DE MATERIA--TÉRMINO DE MATERIA
Término de materia o nombre geográfico como elemento de entrada CONCEPTOS NUMERICOS
650 #4 - PUNTO DE ACCESO ADICIONAL DE MATERIA--TÉRMINO DE MATERIA
Término de materia o nombre geográfico como elemento de entrada CONCEPTOS GEOMETRICOS
650 #4 - PUNTO DE ACCESO ADICIONAL DE MATERIA--TÉRMINO DE MATERIA
Término de materia o nombre geográfico como elemento de entrada CONCEPTOS ALGEBRAICOS
653 ## - TÉRMINO DE INDIZACIÓN--NO CONTROLADO
Término no controlado NUMEROS ENTEROS
653 ## - TÉRMINO DE INDIZACIÓN--NO CONTROLADO
Término no controlado PROCESO DE ENSEÑANZA-APRENDIZAJE
700 1# - ENTRADA AGREGADA--NOMBRE PERSONAL
Nombre de persona González, José Luis
700 1# - ENTRADA AGREGADA--NOMBRE PERSONAL
Nombre de persona Iriarte, María Dolores
700 1# - ENTRADA AGREGADA--NOMBRE PERSONAL
Nombre de persona Jimeno Pérez, Manuela
700 1# - ENTRADA AGREGADA--NOMBRE PERSONAL
Nombre de persona Ortiz Comas, Alfonso
700 1# - ENTRADA AGREGADA--NOMBRE PERSONAL
Nombre de persona Ortiz Villarejo, Antonio
700 1# - ENTRADA AGREGADA--NOMBRE PERSONAL
Nombre de persona Sanz Jiménez, Esteban
942 ## - ELEMENTOS DE ENTRADA SECUNDARIOS (KOHA)
Tipo de ítem Koha Libros
998 ## - INFORMACIÓN DE CONTROL LOCAL (RLIN)
Iniciales del catalogador, CIN (RLIN) Carmen
Holdings
Estatus retirado Estado de pérdida Fuente de la clasificación o esquema de estantería Estado de daño No para préstamo Biblioteca de origen Biblioteca actual Fecha de adquisición Total de préstamos Signatura topográfica completa Código de barras Visto por última vez Precio de reemplazo Tipo de ítem Koha
    Clasificación Decimal Dewey     Liberty Liberty 28/11/2025   372.851 C-MCA 6 112495 28/11/2025 28/11/2025 Libros
    Clasificación Decimal Dewey     Liberty Liberty 28/11/2025   372.851 C-MCA 6 112496 28/11/2025 28/11/2025 Libros
    Clasificación Decimal Dewey     Liberty Liberty 28/11/2025   372.851 C-MCA 6 097624 28/11/2025 28/11/2025 Libros
    Clasificación Decimal Dewey     Liberty Liberty 28/11/2025   372.851 C-MCA 6 097625 28/11/2025 28/11/2025 Libros